000 00722nam a2200193Ia 4500
999 _c47846
_d47846
003 GCL
005 20240530104446.0
008 140319s1996 ua 000 0 ara d
040 _aGCL /
_cGCL
082 0 4 _a135.3/
_bس ت
100 1 _aابن سيرين : ابو بكر محمد بن سيرين البصرى الانصارى
245 1 0 _aتفسير الاحلام الكبير /
_cابو بكر محمد بن سيرين البصرى الانصارى ابن سيرين
250 _aالاولى
260 _aالقاهرة :
_bمركز الراية للنشر والاعلام ،
_c1996
300 _a312 ص ؛
_c24 سم
650 0 4 _aالاحلام
650 0 4 _aالاحلام - تفسير
942 _2ddc
_cBK